| 000 | 01334cam a22004094a 4500 | ||
|---|---|---|---|
| 001 | 6314 | ||
| 003 | FISKH | ||
| 005 | 20250410122256.0 | ||
| 008 | 001213s2001 nyua j 001 0 eng | ||
| 010 | _a 00069364 | ||
| 020 | _a0778703703 (RLB) | ||
| 020 | _a0778704629 (pbk.) | ||
| 020 | _a9780778704621 | ||
| 040 |
_aDLC _cDLC _dDLC _beng |
||
| 050 | _aE99.I7 K26 | ||
| 082 | _a974.7 | ||
| 100 | 1 | _aKalman, Bobbie. | |
| 245 | 1 | 0 |
_aLife in a longhouse village / _cBobbie Kalman. |
| 260 |
_aNew York : _bCrabtree Publishing Company, _c2001. |
||
| 300 |
_a32 pages : _bcolor illustrations ; _c26 cm |
||
| 440 | 0 | _aNative nations of North America | |
| 500 | _aIncludes index. | ||
| 505 | _aR | ||
| 520 | _aThis book introduces children to the traditional daily life of the Native nations who lived in longhouses and shared a common way of life. | ||
| 521 | 8 |
_a680
_bLexile Adjusted |
|
| 521 | 8 |
_aR
_bRaz-Plus |
|
| 650 | 0 |
_aIroquois Indians _vJuvenile literature. |
|
| 650 | 0 |
_aLonghouses _vJuvenile literature. |
|
| 650 | 1 | _aIroquois Indians. | |
| 650 | 1 |
_aIndians of North America _zNortheastern States. |
|
| 650 | 1 | _aLonghouses. | |
| 650 | 1 | _aDwellings. | |
| 700 | 1 |
_aParker, Lewis _eillustrator |
|
| 906 |
_a7 _bcbc _corignew _d1 _eocip _f20 _gy-gencatlg |
||
| 942 |
_2ddc _cBK _n0 |
||
| 999 |
_c6314 _d6314 |
||